| 000 | 00000nam##2200000za#4500 |
| 001 | 9.614859 |
| 003 | CaOODSP |
| 005 | 20210929082757 |
| 007 | ta |
| 008 | 150406|1999||||xxc||||| f|0| 0 eng|d |
| 020 | |a0-662-27929-8 |
| 022 | |a1209-6571 |
| 040 | |aCaOODSP|beng |
| 043 | |an-cn--- |
| 086 | 1 |aFo29-47/15-1999E |
| 110 | 1 |aCanada. |bNatural Resources Canada. |bCanadian Forest Service. |
| 245 | 10|aCalcareous soils|cby B. Kishchuk, D. Maynard and M. Curran. |
| 260 | |aVictoria - British Columbia : |bNatural Resources Canada. |c1999. |
| 300 | |a3p. : |breferences, tables ; |c28 cm. |
| 490 | 1 |aTechnology transfer note|x1209-6571|v15 |
| 563 | |aPamphlet |
| 590 | |a99-29|b1999-07-23 |
| 690 | 07|aSoil|2gcpds |
| 690 | 07|aForests|2gcpds |
| 720 | 1 |aKishchuk, B. |
| 720 | 1 |aMaynard, D. |
| 720 | 1 |aCurran, M. |
| 776 | 0#|tCalcareous soils|w(CaOODSP)9.572367 |
| 830 | #0|aTechnology transfer note,|x1209-6571|v15|w(CaOODSP)9.514646 |